INDUSTRIAL DESIGN AND HUMAN DEVELOPMENT (Record no. 580767)
[ view plain ]
| 000 -LEADER | |
|---|---|
| fixed length control field | 00449nam a22001337a 4500 |
| 020 ## - INTERNATIONAL STANDARD BOOK NUMBER | |
| International Standard Book Number | 90-219-0456-X |
| 082 ## - DEWEY DECIMAL CLASSIFICATION NUMBER | |
| Classification number | 745.2 IND'V |
| 100 ## - MAIN ENTRY--PERSONAL NAME | |
| Personal name | VAZQUEZ, PEDRO RAMIREZ,MARGAIN, ALEJANDRO LAZO |
| 9 (RLIN) | 75329 |
| 245 ## - TITLE STATEMENT | |
| Title | INDUSTRIAL DESIGN AND HUMAN DEVELOPMENT |
| 260 ## - PUBLICATION, DISTRIBUTION, ETC. | |
| Place of publication, distribution, etc. | AMSTERDO |
| Name of publisher, distributor, etc. | EXCERTA MEDICA |
| Date of publication, distribution, etc. | 1980 |
| 300 ## - PHYSICAL DESCRIPTION | |
| Extent | 354P |
| 650 ## - SUBJECT ADDED ENTRY--TOPICAL TERM | |
| Topical term or geographic name entry element | DESIGN INDUSTRIAL CONGRESSES ROUND TABLES AND PROFESSORS SEMINARS PANEL SESSIONS PLANARY SESSIONS |
| 9 (RLIN) | 75330 |
| 942 ## - ADDED ENTRY ELEMENTS (KOHA) | |
| Koha item type | Book |
| Withdrawn status | Lost status | Damaged status | Not for loan | Permanent Location | Current Location | Shelving location | Date acquired | Total Checkouts | Full call number | Barcode | Date last seen | Price effective from | Koha item type |
|---|---|---|---|---|---|---|---|---|---|---|---|---|---|
| College of Electrical & Mechanical Engineering (CEME) | College of Electrical & Mechanical Engineering (CEME) | General Stacks | 05/17/2017 | 745.2 IND'V | CEME-15141 | 06/28/2021 | 06/28/2021 | Book |
